Сказки: [учебное пособие]
| Автор: | |
|---|---|
| Інші автори: | |
| Резюме: | Сборник содержит сказки знаменитого английского писателя XIX в., хорошо известного российскому читателю по роману "Портрет Дориана Грея", пьесам "Идеальный муж", "Веер леди Уиндермир" и др. Тексты сказок адаптированы и сопровождаются комментарием и упражнениями. Сборник предназначен для учащихся 10 классов средних школ, гимназий, лицеев, студентов I—II курсов неязыковых вузов, а также широкого крута лиц, изучающих английский язык самостоятельно. |
| Мова: | Англійська Російська |
| Опубліковано: |
Москва, Айрис-Пресс, 2017
|
| Серія: | Английский клуб Домашнее чтение |
| Предмети: | |
| Формат: | Книга |
| KOHA link: | https://koha.lib.tpu.ru/cgi-bin/koha/opac-detail.pl?biblionumber=109955 |
MARC
| LEADER | 00000nam0a2200000 4500 | ||
|---|---|---|---|
| 001 | 109955 | ||
| 005 | 20231101214914.0 | ||
| 010 | |a 9785811265213 | ||
| 035 | |a (RuTPU)RU\TPU\book\118750 | ||
| 035 | |a BOOK00030735 | ||
| 035 | |a RU\TPU\book\30658 | ||
| 090 | |a 109955 | ||
| 100 | |a 20011209d2017 m y0rusy50 ca | ||
| 101 | 0 | |a eng |a rus | |
| 102 | |a RU | ||
| 105 | |a a j 000zy | ||
| 200 | 1 | |a Сказки |d Fairy Tales |e [учебное пособие] |f О. Уайльд |g адаптация текста, упражнения Л. В. Холхоевой | |
| 210 | |a Москва |c Айрис-Пресс |d 2017 | ||
| 215 | |a 231 с. |c ил. | ||
| 225 | 1 | |a Английский клуб |e advanced | |
| 225 | 1 | |a Домашнее чтение | |
| 330 | |a Сборник содержит сказки знаменитого английского писателя XIX в., хорошо известного российскому читателю по роману "Портрет Дориана Грея", пьесам "Идеальный муж", "Веер леди Уиндермир" и др. Тексты сказок адаптированы и сопровождаются комментарием и упражнениями. Сборник предназначен для учащихся 10 классов средних школ, гимназий, лицеев, студентов I—II курсов неязыковых вузов, а также широкого крута лиц, изучающих английский язык самостоятельно. | ||
| 510 | 1 | |a Fairy Tales |z eng | |
| 606 | 1 | |a Английский язык |x Учебные руководства и пособия |x Хрестоматии, книги для чтения |2 stltpush |3 (RuTPU)RU\TPU\subj\29075 |9 52487 | |
| 610 | 1 | |a английская литература | |
| 610 | 1 | |a учебные пособия | |
| 610 | 1 | |a книги для чтения | |
| 610 | 1 | |a хрестоматии | |
| 610 | 1 | |a сказки | |
| 686 | |a Ш143.21-923.8 |v LBC/SL-A |2 rubbk | ||
| 700 | 1 | |a Уайльд |b О. |c английский писатель |c поэт |f 1854-1900 |g Оскар |2 stltpush |3 (RuTPU)RU\TPU\pers\12465 |9 3472 | |
| 702 | 1 | |a Холхоева |b Л. В. |4 220 | |
| 801 | 1 | |a RU |b 63413507 |c 20070216 |g PSBO | |
| 801 | 2 | |a RU |b 63413507 |c 20211004 |g PSBO | |
| 942 | |c BK | ||